Situácia rodových stereotypov v  EÚ

Zastúpenie rodov v politike v krajinách EÚ. Zastúpenie rodov vo vzdelávaní v krajinách EÚ.

Guardado en:
Detalles Bibliográficos
Autor principal: Hvastová, Jozefína, 1969-
Formato: Capítulo de libro
Lenguaje:eslovaco
Materias:
Etiquetas: Agregar Etiqueta
Sin Etiquetas, Sea el primero en etiquetar este registro!

MARC

LEADER 00000naa$a2200000$$$4500
001 0281425
005 20240502083904.9
041 0 |a slo 
044 |a PL 
245 1 0 |a Situácia rodových stereotypov v  EÚ  |c Jozefína Hvastová 
520 |a Zastúpenie rodov v politike v krajinách EÚ. Zastúpenie rodov vo vzdelávaní v krajinách EÚ. 
610 2 0 |a rovnosť rodová 
610 2 0 |a politika 
610 2 0 |a parlamenty 
610 2 0 |a vláda 
610 2 0 |a vzdelávanie 
610 2 0 |a segregácia 
610 2 0 |a porovnanie štatistické medzinárodné 
100 1 |a Hvastová, Jozefína, 1969-